000 00621cam a2200205 4500500
005 20260329005216.0
041 _afre
042 _adc
100 1 0 _aDurand, Jean-Marie
_eauthor
245 0 0 _aPourquoi s’opposer à l’inégalité
260 _c2022.
500 _a55
690 _aContrat social
690 _aInégalités
690 _aJustice sociale
690 _aLiberté
690 _aThomas Scanlon
786 0 _nPhilosophie magazine | 164 | 11 | 2022-11-01 | p. 58-58 | 1951-1787
856 4 1 _uhttps://shs.cairn.info/magazine-philosophie-magazine-2022-11-page-58?lang=fr&redirect-ssocas=7080
999 _c1841345
_d1841345